La formación de recursos humanos para la vitivinicultura mendocina: desafíos, cambios y continuidades de la enseñanza agrícola en Mendoza, Argentina (1873-1920) /
Guardat en:
| Autor principal: | |
|---|---|
| Format: | Text |
| Etiquetes: |
Afegir etiqueta
Sense etiquetes, Sigues el primer a etiquetar aquest registre!
|
MARC
| LEADER | 00000 a a2200000 04500 | ||
|---|---|---|---|
| 001 | 47054 | ||
| 003 | |||
| 040 | |||
| 100 | |a Rodríguez Vázquez, Florencia | ||
| 245 | |a La formación de recursos humanos para la vitivinicultura mendocina: |b desafíos, cambios y continuidades de la enseñanza agrícola en Mendoza, Argentina (1873-1920) / |c Florencia Rodríguez Vázquez | ||
| 773 | |g número84, (2012), páginas 73-96: tabla, mapa | ||
| 999 | |c 22484 |d 22484 | ||
